La mujer prodigiosa de Quillota, María del Carmen Benavides y Mujica 1777-1849

Salvato in:
Dettagli Bibliografici
Autore principale: Matthei, Mauro (autor)
Natura: Libro
Lingua:spagnolo
Pubblicazione: Valparaíso, Chile Imprenta Libra 1996
Soggetti:
Tags: Aggiungi Tag
Nessun Tag, puoi essere il primo ad aggiungerne!!

MARC

LEADER 00000nam a2200000 a 4500
001 UCS0364
003 CL-VaPUC
005 20211028112117.0
008 970426e19960000CL |||||||||||||||||spa|d
999 |c 258596  |d 258594 
040 |c Pontificia Universidad Católica de Valparaíso 
082 0 4 |a 248.8 MAT 1996  |2 21 
100 |a Matthei, Mauro  |e autor  |9 483955 
245 1 3 |a La mujer prodigiosa de Quillota, María del Carmen Benavides y Mujica 1777-1849 
260 |a Valparaíso, Chile  |b Imprenta Libra  |c 1996 
300 |a 156 páginas 
583 |a last modification  |c 19970426 00:00:00  |k Rodrigo Vera 
600 0 7 |a BENAVIDES Y MUJICA, MARIA DEL CARMEN  |2 CL-VaPUC  |9 383730 
600 0 7 |a BEATITA BENAVIDES  |2 CL-VaPUC  |9 383731 
650 1 0 |a Biografías  |9 255210 
942 |c BK  |2 ddc 
945 |d 19970426 00:00:00  |a aalvarez 
952 |0 0  |1 0  |4 0  |6 248_800000000000000_MAT_1996  |7 0  |8 A  |9 282809  |a BIBTEO  |b BIBTEO  |d 2019-11-19  |i 2023318  |o 248.8 MAT 1996  |p 2023318  |r 2025-01-17  |w 2019-11-19  |y BK  |k ICR